000 01029nam a22003857a 4500
003 OSt
005 20140310181958.0
008 130727t xxu||||| |||| 00| 0 eng d
020 _a0590485830
020 _a059048584
020 _a0590866311
020 _a059025243
020 _a0590866001
050 _aPZ 7
_b.B562 1994, 1995, 1997,
082 _aKF
_bB46p ##
100 _aBetancourt, Jeanne
_94862
245 _aPony Pals /
_cJeanne Betancourt.
260 _aNew York :
_bScholastic,
_cc199#.
300 _a81 p. ;
_c19 cm.
541 _j1
541 _j2
541 _j1
541 _j1
541 _j1
541 _j1
562 _e6
650 _aChildren's literature.
_91986
650 _aPonies
_xFiction.
_94863
830 _aI want a pony
_94864
830 _aA pony for keeps
_94865
830 _aThe story of our ponies
_94866
830 _aToo many Ponies
_94867
830 _aThe girl who hated ponies
_94868
942 _2lcc
_cBK-KF
_kKF
999 _c7962
_d7962